Skalica District - All municipalities with a map - Statistics

General Stats
  • This quiz has been taken 27 times
  • The average score is 12 of 21
Answers on the Map
Answers color-coded by a green-red scale on the quiz's map according to % correct below.
 
Answer Stats
Answer % Correct
Gbely
100%
Kopčany
100%
Petrova Ves
100%
Brodské
80%
Holíč
80%
Dubovce
60%
Kátov
60%
Letničie
60%
Mokrý Háj
60%
Prietržka
60%
Radošovce
60%
Skalica
60%
Trnovec
60%
Unín
60%
Vrádište
60%
Koválovec
40%
Popudinské Močidľany
40%
Radimov
40%
Chropov
20%
Lopašov
20%
Oreské
20%
No matching quizzes found
Score Distribution
Percent of People with Each Score
Percentile by Number Answered
Your Score History
You have not taken this quiz